|
|
|
|
| LEADER |
00000cam a2200000 a 4500 |
| 001 |
UCE0726 |
| 003 |
CL-VaPUC |
| 005 |
20240805105108.0 |
| 008 |
140227e19450000ag |||||||||||||||||spa|d |
| 999 |
|
|
|c 354774
|d 354772
|
| 040 |
|
|
|c Pontificia Universidad Católica de Valparaíso
|
| 041 |
0 |
7 |
|a spa
|2 CL-VaPUC
|
| 041 |
0 |
7 |
|a ita
|2 CL-VaPUC
|
| 082 |
0 |
4 |
|a 709.2
|b MIG
|2 21
|
| 100 |
|
|
|a Miguel Angel
|q (Buonarroti, Michelangelo)
|e autor
|9 865673
|
| 245 |
1 |
0 |
|a Revelaciones artísticas y autobiográficas
|
| 250 |
|
|
|a 1a. ed
|
| 260 |
|
|
|a Buenos Aires
|b Elevación
|c 1945
|
| 300 |
|
|
|a 427 p
|
| 583 |
|
|
|a last modification
|c 20140227 11:27:00
|k Rodrigo Vera
|
| 650 |
|
0 |
|a Artistas italianos
|9 449205
|
| 650 |
|
0 |
|a Arte renacentista
|9 264949
|
| 650 |
|
0 |
|a Biografías
|9 255210
|
| 650 |
|
7 |
|a POESIA ITALIANA
|2 CL-VaPUC
|9 336930
|
| 942 |
|
|
|c BK
|2 ddc
|
| 945 |
|
|
|d 20140227 11:27:00
|a dcastane
|
| 952 |
|
|
|0 0
|1 0
|3 erd
|4 0
|6 709_200000000000000_MIG_1945
|7 0
|8 R
|9 460931
|a BIBART
|b BIBART
|i 5006465
|o 709.2 MIG 1945
|p 5006465
|r 2025-03-13
|w 2019-11-23
|y BK_R
|z Catalogado en:20140227
|k ART
|